000 00747nam a22002890a 4500
001 PT60924
003 AR-LpoUNG
005 20210131232018.0
008 191001s2008||||ag |||||||||||||||||spa d
020 _a9789500835220
_c$10.75
040 _aAR-LpoUNG
_bspa
_cAR-LpoUNG
_eaacr
041 _aspa
044 _aag
082 0 _a808.068 3 178bru
100 1 _aBaldoni, Marta
245 1 0 _aBruno y su paraguas
250 _a1ra. ed.
260 _aBuenos Aires :
_bAtlántida,
_c2008.
300 _a[32] p. :
_bil.
505 0 _aSugerido a partir de 6 años (etiqueta AMARILLA)
650 4 _aCUENTOS
650 4 _aLITERATURA
653 _aLITERATURA INFANTIL
700 1 _aCruz, Paula de la
_eil.
905 _a60924
942 _cLIB
999 _c13215
_d13215